Statistics for Members of Guns n' Roses

Click here to take the quiz!

General Stats

  • This quiz has been taken 145 times
  • The average score is 11 of 20

Answer Stats

Time Answer % Correct
1985-1996; Since 2016Slash
100%
Since 1985Axl Rose
99%
1985-1991Izzy Stradlin
90%
1985-1990Steven Adler
86%
1985-1997; Since 2016Duff McKagan
86%
1990-2007Matt Sorum
71%
Since 1990Dizzy Reed
69%
2000-2004Buckethead
63%
1991-1994Gilby Clarke
57%
Since 2002Richard Fortus
51%
2009-2015DJ Ashba
46%
2006-2014Bumblefoot
45%
Since 2016Melissa Reese
44%
Since 2006Frank Ferrer
44%
1998-2016Tommy Stinson
33%
1994-2002Paul Tobias
30%
1998-2016Chris Pitman
30%
1997-1999; 2000-2008Robin Finck
29%
2000-2006Bryan Mantia
29%
1997-2000Josh Freese
22%

Score Distribution

Percentile by Number Answered

Percent of People with Each Score

Your Score History

You have not taken this quiz